[Event "Riga Christmas (Women)"]
[Site "Riga"]
[Date "2024.12.12"]
[Round "5"]
[White "Martynkova, Olena"]
[Black "Cassi, Elisa"]
[Result "1/2-1/2"]
[WhiteElo "2181"]
[BlackElo "2020"]
[PlyCount "62"]
[EventDate "2024.12.09"]
[EventType "tourn"]
[EventRounds "9"]
[EventCountry "LAT"]
[SourceTitle "CB51_2024"]
[SourceDate "2024.12.18"]
[SourceVersion "1"]
[SourceVersionDate "2024.12.18"]
[SourceQuality "1"]

1. Nf3 d5 2. g3 Nf6 3. d4 Bf5 4. Bg2 c6 5. 0-0 h6 6. Nbd2 e6 7. b3 Nbd7 8. Bb2 Bd6 9. c4 0-0 10. Qc1 Re8 11. Ne5 Qc7 12. Nxd7 Nxd7 13. e4 dxe4 14. Nxe4 Bxe4 15. Bxe4 e5 16. Qc2 exd4 17. Bxd4 Be5 18. Rad1 Nf6 19. Bf3 Bxd4 20. Rxd4 Rad8 21. Rxd8 Qxd8 22. b4 Qe7 23. c5 a6 24. a4 g6 25. b5 axb5 26. axb5 cxb5 27. Rb1 b4 28. Qc4 Nd7 29. Qxb4 Nxc5 30. Bxb7 Rb8 31. Rc1 Rxb7 1/2-1/2

[Event "Riga Christmas (Women)"]
[Site "Riga"]
[Date "2024.12.12"]
[Round "6"]
[White "Rogule, Laura"]
[Black "Cassi, Elisa"]
[Result "1-0"]
[WhiteElo "2243"]
[BlackElo "2020"]
[PlyCount "158"]
[EventDate "2024.12.09"]
[EventType "tourn"]
[EventRounds "9"]
[EventCountry "LAT"]
[SourceTitle "CB51_2024"]
[SourceDate "2024.12.18"]
[SourceVersion "1"]
[SourceVersionDate "2024.12.18"]
[SourceQuality "1"]

1. d4 d5 2. c4 e6 3. Nf3 Nf6 4. e3 Bb4+ 5. Bd2 Be7 6. Nc3 0-0 7. Qc2 b6 8. cxd5 exd5 9. Bd3 Bb7 10. Ne5 c5 11. 0-0 Nc6 12. Nxc6 Bxc6 13. dxc5 bxc5 14. Ne2 g6 15. Ng3 Rc8 16. Rad1 c4 17. Be2 h5 18. Bf3 Qd7 19. Qb1 Ba4 20. Rc1 h4 21. Ne2 Ne4 22. Bc3 Ng5 23. Nd4 Nxf3+ 24. Nxf3 h3 25. g3 d4 26. Nxd4 Qb7 27. f3 Rfe8 28. Rce1 Bg5 29. e4 Qb6 30. Kh1 Red8 31. Ne2 Bd2 32. Nf4 Bxe1 33. Qxe1 Rd1 34. Qe2 Qe3 35. Qxe3 Rxf1+ 36. Qg1 Rxg1+ 37. Kxg1 Bd7 38. g4 f5 39. exf5 gxf5 40. g5 Bc6 41. Kf2 Rd8 42. Kg3 Rd1 43. Nxh3 Rf1 44. Nf2 Rg1+ 45. Kf4 Rg2 46. Bd4 Rxh2 47. Bxa7 Rh4+ 48. Kg3 Rh7 49. Bd4 Rd7 50. Bc3 Kf7 51. Nh3 Rd5 52. Ng1 Kg6 53. Bf6 Rd2 54. Nh3 Kf7 55. Nf4 Be8 56. Bc3 Rd1 57. Kf2 Rd6 58. Ke2 Ba4 59. Be5 Ra6 60. Ke3 Bd1 61. a3 Ra5 62. Bd4 Ra6 63. Ng2 Kg6 64. Kf4 Bc2 65. Nh4+ Kh5 66. Nxf5 c3 67. Bxc3 Bxf5 68. Kxf5 Rb6 69. f4 Ra6 70. Bf6 Ra5+ 71. Be5 Ra6 72. Bc3 Rc6 73. a4 Rc5+ 74. Be5 Rc4 75. a5 Rc5 76. b4 Rb5 77. g6 Kh6 78. Kf6 Rxb4 79. f5 Ra4 1-0

[Event "Riga Christmas (Women)"]
[Site "Riga"]
[Date "2024.12.10"]
[Round "2"]
[White "Cassi, Elisa"]
[Black "Khatniuk, Anastasiia"]
[Result "0-1"]
[WhiteElo "2020"]
[BlackElo "1994"]
[PlyCount "104"]
[EventDate "2024.12.09"]
[EventType "tourn"]
[EventRounds "9"]
[EventCountry "LAT"]
[SourceTitle "CB51_2024"]
[SourceDate "2024.12.18"]
[SourceVersion "1"]
[SourceVersionDate "2024.12.18"]
[SourceQuality "1"]

1. Nf3 Nf6 2. g3 d5 3. Bg2 Bf5 4. 0-0 Nc6 5. d4 e6 6. c4 Be7 7. Nc3 h6 8. Qb3 Nb4 9. c5 a5 10. Qa4+ c6 11. a3 Bc2 12. b3 Na6 13. Ra2 Be4 14. Ne5 Bxg2 15. Kxg2 Nd7 16. Nxd7 Qxd7 17. b4 axb4 18. axb4 Bf6 19. Rd1 0-0 20. Qb3 e5 21. dxe5 Bxe5 22. e4 Nc7 23. Re2 Qg4 24. Bb2 d4 25. f3 Qe6 26. Qxe6 Nxe6 27. Nb1 Ra2 28. Rd3 g5 29. Na3 Rd8 30. Nc4 f6 31. Red2 Kf7 32. Bc1 Ra4 33. Rb2 Ke7 34. Bd2 Bc7 35. Rc2 Rda8 36. Rb3 Ra1 37. Nb2 R1a3 38. Rxa3 Rxa3 39. Nc4 Ra4 40. Kf2 h5 41. Nb2 Ra2 42. Ke2 Be5 43. Kd3 h4 44. Be1 Ra3+ 45. Ke2 Re3+ 46. Kf2 hxg3+ 47. hxg3 Bxg3+ 48. Kxg3 Rxe1 49. Nc4 d3 50. Rd2 Nf4 51. Kg4 Ke6 52. Na5 Rg1+ 0-1

[Event "Riga Christmas (Women)"]
[Site "Riga"]
[Date "2024.12.10"]
[Round "3"]
[White "Ter Avetisjana, Agnesa Stepania"]
[Black "Cassi, Elisa"]
[Result "0-1"]
[WhiteElo "2115"]
[BlackElo "2020"]
[PlyCount "84"]
[EventDate "2024.12.09"]
[EventType "tourn"]
[EventRounds "9"]
[EventCountry "LAT"]
[SourceTitle "CB51_2024"]
[SourceDate "2024.12.18"]
[SourceVersion "1"]
[SourceVersionDate "2024.12.18"]
[SourceQuality "1"]

1. e4 c6 2. Nf3 d5 3. d3 dxe4 4. dxe4 Qxd1+ 5. Kxd1 Nf6 6. Nfd2 h5 7. c3 h4 8. f3 g5 9. h3 Nh5 10. Nc4 Be6 11. Ne3 Nd7 12. Kc2 0-0-0 13. Nd2 Ne5 14. Nb3 Ng3 15. Rg1 Bxh3 16. gxh3 Nxf3 17. Rxg3 Ne1+ 18. Kb1 hxg3 19. Bd2 g2 20. Nxg2 Nf3 21. Kc2 Nxd2 22. Nxd2 Rxh3 23. Be2 Rg3 24. Rg1 e6 25. Bf1 f5 26. Rh1 f4 27. Ne1 g4 28. Nd3 f3 29. Nb3 e5 30. Nxe5 Kb8 31. Nd3 Bg7 32. Rh7 Bf6 33. Ndc5 Rg2+ 34. Bxg2 fxg2 35. Na5 g1Q 36. b4 Qd1+ 37. Kb2 Qd2+ 38. Kb1 Qd1+ 39. Kb2 Rd2+ 40. Ka3 Qc1+ 41. Ka4 b5+ 42. Kb3 Qxc3# 0-1

[Event "ITA-ch (Women) 83rd"]
[Site "Turin"]
[Date "2024.12.07"]
[Round "7"]
[White "Cassi, Elisa"]
[Black "Bordin, Silvia"]
[Result "1/2-1/2"]
[WhiteElo "2020"]
[BlackElo "1996"]
[PlyCount "74"]
[EventDate "2024.12.01"]
[EventType "tourn"]
[EventRounds "7"]
[EventCountry "ITA"]
[SourceTitle "CB50_2024"]
[SourceDate "2024.11.01"]
[SourceVersion "1"]
[SourceVersionDate "2024.11.01"]
[SourceQuality "2"]

1. Nf3 d5 2. d4 Nf6 3. c4 e6 4. g3 Be7 5. Bg2 Ne4 6. 0-0 f5 7. Be3 Bf6 8. Qc2 c6 9. Nbd2 Nd7 10. Rfd1 Nd6 11. Ne1 g5 12. Nd3 Qe7 13. b4 h5 14. b5 h4 15. bxc6 bxc6 16. cxd5 cxd5 17. Rab1 0-0 18. Qc6 Rb8 19. Rxb8 Nxb8 20. Qa4 Bd7 21. Qxa7 Nc6 22. Qa3 hxg3 23. hxg3 Nxd4 24. Bxd4 Bxd4 25. Nf3 Bf6 26. Nfe5 Kg7 27. Rc1 Bb5 28. Qa5 Bc4 29. a4 Rc8 30. Qb6 Qc7 31. Qe3 Qe7 32. Nb4 Nf7 33. Nec6 Qd6 34. Rxc4 dxc4 35. a5 Ne5 36. a6 Nxc6 37. Nxc6 Rxc6 1/2-1/2

[Event "Titled Tuesday intern op 17th Sep Early"]
[Site "Chess,com INT"]
[Date "2024.09.17"]
[Round "8"]
[White "Cassi, Elisa"]
[Black "Voitovich, Vladislav"]
[Result "0-1"]
[WhiteElo "2000"]
[BlackElo "2319"]
[PlyCount "54"]
[EventDate "2024.09.17"]
[EventType "swiss (blitz)"]
[EventRounds "11"]
[EventCountry "USA"]
[SourceTitle "EXT 2025"]
[Source "ChessBase"]
[SourceDate "2024.10.14"]
[SourceVersion "1"]
[SourceVersionDate "2024.10.14"]
[SourceQuality "1"]

1. d4 Nf6 2. c4 e6 3. g3 Bb4+ 4. Bd2 Bxd2+ 5. Nxd2 0-0 6. Bg2 d5 7. Ngf3 c6 8. 0-0 Qe7 9. Qc2 Nbd7 10. e4 dxe4 11. Nxe4 Nxe4 12. Qxe4 Nf6 13. Qe2 Rd8 14. Rad1 Qc7 15. c5 b6 16. b4 a5 17. a3 Ba6 18. Qc2 Bxf1 19. Bxf1 axb4 20. axb4 Nd5 21. Qb1 b5 22. h4 Ra4 23. Bd3 g6 24. Qc2 Nxb4 25. Qd2 Nxd3 26. Qxd3 e5 27. Nxe5 Raxd4 0-1

[Event "ITA-ch sf 83rd"]
[Site "Parma"]
[Date "2024.07.27"]
[Round "8"]
[White "Cassi, Elisa"]
[Black "Ortega, Lexy"]
[Result "0-1"]
[WhiteElo "1937"]
[BlackElo "2386"]
[PlyCount "122"]
[EventDate "2024.07.21"]
[EventType "swiss"]
[EventRounds "9"]
[EventCountry "ITA"]
[SourceTitle "CBM 221 Extra"]
[Source "ChessBase"]
[SourceDate "2024.09.30"]
[SourceVersion "1"]
[SourceVersionDate "2024.09.30"]
[SourceQuality "1"]

1. Nf3 d5 2. g3 g6 3. Bg2 Bg7 4. d4 Nf6 5. 0-0 0-0 6. c4 c5 7. cxd5 Nxd5 8. e4 Nb6 9. dxc5 Qxd1 10. Rxd1 Na4 11. Nc3 Bxc3 12. bxc3 Nxc5 13. Nd4 Nba6 14. Bh6 Re8 15. e5 Bg4 16. Re1 Bd7 17. Rab1 Rab8 18. Bf4 e6 19. Bg5 Nc7 20. c4 Na8 21. Nb5 Bxb5 22. Rxb5 b6 23. h4 h5 24. Rd1 Rbc8 25. Rb2 Kh7 26. Rbd2 Nc7 27. Bc6 Rg8 28. f3 N7a6 29. Bb5 Nb8 30. Be7 a6 31. Bxc5 Rxc5 32. Rd8 Rc8 33. Rxg8 Kxg8 34. Ba4 Rxc4 35. Rd8+ Kg7 36. Bb3 Rc1+ 37. Kf2 Nc6 38. Rd6 b5 39. f4 Rc3 40. Rd7 Kf8 41. Bd1 Nb4 42. a4 Nd3+ 43. Kg2 Nc5 44. Rd4 bxa4 45. Bxa4 Ke7 46. Bd1 a5 47. Kf2 Nd3+ 48. Ke2 Nb2 49. Rd2 Nxd1 50. Rxd1 Rxg3 51. Ra1 Rh3 52. Rxa5 Rxh4 53. Kf3 Kf8 54. Kg3 Rg4+ 55. Kf3 Rg1 56. Kf2 Rb1 57. Kg3 Rb3+ 58. Kh4 Kg7 59. Ra7 Rf3 60. Ra4 Kh6 61. Rb4 Rxf4+ 0-1

[Event "ITA-ch sf 83rd"]
[Site "Parma"]
[Date "2024.07.26"]
[Round "7"]
[White "Cagnotto, Marco"]
[Black "Cassi, Elisa"]
[Result "1-0"]
[WhiteElo "2101"]
[BlackElo "1937"]
[PlyCount "55"]
[EventDate "2024.07.21"]
[EventType "swiss"]
[EventRounds "9"]
[EventCountry "ITA"]
[SourceTitle "CBM 221 Extra"]
[Source "ChessBase"]
[SourceDate "2024.09.30"]
[SourceVersion "1"]
[SourceVersionDate "2024.09.30"]
[SourceQuality "1"]

1. c4 e6 2. g3 Nf6 3. Bg2 d5 4. Nf3 dxc4 5. Qa4+ c6 6. Qxc4 b5 7. Qb3 Bb7 8. 0-0 Nbd7 9. d4 Be7 10. Ne5 Nxe5 11. dxe5 Nd7 12. Bf4 0-0 13. Nd2 Nxe5 14. Bxe5 Qxd2 15. Rad1 Qg5 16. Bf4 Qf6 17. Rd7 Rab8 18. Bxb8 Rxb8 19. Qe3 Ba8 20. Qxa7 Re8 21. Rfd1 Kf8 22. e3 e5 23. Qa6 c5 24. R7d6 Bxd6 25. Rxd6 Qf5 26. Bxa8 Qb1+ 27. Kg2 Qxb2 28. Bc6 1-0

[Event "Wch U20 Girls 40th"]
[Site "Gandhinagar"]
[Date "2024.06.12"]
[Round "10"]
[White "Kashthuri Bhai, R."]
[Black "Cassi, Elisa"]
[Result "1-0"]
[WhiteElo "1765"]
[BlackElo "2028"]
[PlyCount "128"]
[EventDate "2024.06.02"]
[EventType "swiss"]
[EventRounds "11"]
[EventCountry "IND"]
[SourceTitle "CBM 220 Extra"]
[Source "ChessBase"]
[SourceDate "2024.07.31"]
[SourceVersion "1"]
[SourceVersionDate "2024.07.31"]
[SourceQuality "1"]

1. e4 e5 2. Nf3 Nc6 3. Bc4 Bc5 4. d3 Nf6 5. c3 d6 6. 0-0 a5 7. h3 h6 8. a4 0-0 9. Be3 Bxe3 10. fxe3 Ne7 11. Nbd2 Ng6 12. Qc2 c6 13. Rf2 d5 14. exd5 cxd5 15. Bb5 Bd7 16. Bxd7 Nxd7 17. d4 e4 18. Nh2 Qg5 19. Re1 Ra6 20. Qd1 h5 21. c4 Rf6 22. Rxf6 Nxf6 23. cxd5 Nh4 24. Qe2 Rc8 25. Qf2 Nf5 26. Nhf1 h4 27. b3 Nd6 28. Rb1 Nxd5 29. Nc4 Nf5 30. Re1 Nb4 31. Rd1 Rc6 32. Qe2 Nd5 33. Qg4 Qxg4 34. hxg4 Nd6 35. Nfd2 Nxc4 36. Nxc4 b6 37. Rf1 Re6 38. Rf5 Nf6 39. g5 Nd7 40. Rd5 Re7 41. Rd6 Kf8 42. Nxb6 Nxb6 43. Rxb6 Rc7 44. Rb8+ Ke7 45. Rb5 f6 46. g6 Rc3 47. Rxa5 Rxe3 48. Ra7+ Ke6 49. Rxg7 Rxb3 50. Rh7 f5 51. g7 Rg3 52. a5 h3 53. a6 e3 54. Rxh3 Rxg7 55. Rxe3+ Kd6 56. Re5 Rg3 57. Ra5 Rg8 58. Rxf5 Ra8 59. Ra5 Ra7 60. Kf2 Ke6 61. Ke3 Kd6 62. g4 Kc6 63. g5 Kb6 64. Ra1 Re7+ 1-0

[Event "Wch U20 Girls 40th"]
[Site "Gandhinagar"]
[Date "2024.06.07"]
[Round "6"]
[White "Cassi, Elisa"]
[Black "Arya, G Mallar"]
[Result "1-0"]
[WhiteElo "2028"]
[BlackElo "1725"]
[PlyCount "107"]
[EventDate "2024.06.02"]
[EventType "swiss"]
[EventRounds "11"]
[EventCountry "IND"]
[SourceTitle "CBM 220 Extra"]
[Source "ChessBase"]
[SourceDate "2024.07.31"]
[SourceVersion "1"]
[SourceVersionDate "2024.07.31"]
[SourceQuality "1"]

1. e4 c6 2. d4 d5 3. Nd2 dxe4 4. Nxe4 Nf6 5. Nxf6+ exf6 6. Bd3 Bd6 7. Ne2 0-0 8. 0-0 Re8 9. c4 Nd7 10. Qc2 Nf8 11. Be3 Be6 12. Rfe1 Rc8 13. c5 Bb8 14. b4 h5 15. Nc3 h4 16. Be4 Qd7 17. Rad1 f5 18. Bf3 f4 19. Bc1 Bg4 20. Bxg4 Qxg4 21. f3 Qg5 22. Re4 Red8 23. h3 Ne6 24. Ne2 Qg6 25. Qb3 Ng5 26. Re7 Nxh3+ 27. Kf1 Ng5 28. Bxf4 Ne6 29. Be5 h3 30. g3 Bxe5 31. dxe5 Rxd1+ 32. Qxd1 Qf5 33. Kf2 Qxe5 34. Rxb7 Re8 35. Qd6 Qa1 36. Rb8 Rxb8 37. Qxb8+ Kh7 38. g4 Ng5 39. Qh2 Qf6 40. f4 Kg8 41. Kg3 Ne6 42. Qh1 Qb2 43. Qe4 Qd2 44. a3 Qe1+ 45. Kh2 Qf2+ 46. Kh1 a6 47. a4 Nc7 48. Ng1 h2 49. Nf3 Nd5 50. Qe8+ Kh7 51. Ng5+ Kh6 52. Qh8+ Kg6 53. Qh5+ Kf6 54. Qxf7# 1-0

[Event "Mitropa Cup (Women)"]
[Site "Apolda"]
[Date "2024.02.23"]
[Round "9.8"]
[White "Blanquet, Camille"]
[Black "Cassi, Elisa"]
[Result "1-0"]
[WhiteElo "2014"]
[BlackElo "2033"]
[PlyCount "77"]
[EventDate "2024.02.15"]
[EventType "team-tourn"]
[EventRounds "9"]
[EventCountry "GER"]
[SourceTitle "CBM 218 Extra"]
[Source "ChessBase"]
[SourceDate "2024.03.31"]
[SourceVersion "1"]
[SourceVersionDate "2024.03.31"]
[SourceQuality "1"]
[WhiteTeam "France (W)"]
[BlackTeam "Italy (W)"]
[WhiteTeamCountry "FRA"]
[BlackTeamCountry "ITA"]

1. d4 d5 2. c4 e6 3. Nc3 Bb4 4. Nf3 Nf6 5. g3 dxc4 6. Bg2 0-0 7. 0-0 Nc6 8. Qa4 Nd5 9. Qc2 Rb8 10. e4 Nxc3 11. bxc3 Be7 12. h4 h6 13. Bf4 b5 14. Rab1 a5 15. Rfd1 Ba6 16. d5 exd5 17. exd5 Na7 18. Be3 Ra8 19. Nd4 Bd6 20. Qf5 Bc8 21. Qh5 Bd7 22. Be4 Re8 23. Qf3 b4 24. Bc2 Nb5 25. Nxb5 Bxb5 26. Qf5 g6 27. Qf3 c5 28. dxc6 Qc7 29. Qd5 Bxg3 30. Qxb5 Bxh4 31. Qxc4 Rxe3 32. Rd7 Bxf2+ 33. Kf1 Qxd7 34. cxd7 Rxc3 35. Qe4 Rf8 36. Kxf2 Kg7 37. Rd1 Rd8 38. Qe5+ Kh7 39. Bxg6+ 1-0

[Event "Mitropa Cup (Women)"]
[Site "Apolda"]
[Date "2024.02.22"]
[Round "8.12"]
[White "Cassi, Elisa"]
[Black "Mihaljevic, Eva"]
[Result "1-0"]
[WhiteElo "2033"]
[BlackElo "2043"]
[PlyCount "71"]
[EventDate "2024.02.15"]
[EventType "team-tourn"]
[EventRounds "9"]
[EventCountry "GER"]
[SourceTitle "CBM 218 Extra"]
[Source "ChessBase"]
[SourceDate "2024.03.31"]
[SourceVersion "1"]
[SourceVersionDate "2024.03.31"]
[SourceQuality "1"]
[WhiteTeam "Italy (W)"]
[BlackTeam "Croatia (W)"]
[WhiteTeamCountry "ITA"]
[BlackTeamCountry "CRO"]

1. e4 c5 2. Nf3 d6 3. Bb5+ Nd7 4. Ba4 Ngf6 5. 0-0 e6 6. Re1 a6 7. c4 Be7 8. Nc3 0-0 9. d3 Qc7 10. h3 Rd8 11. a3 Nf8 12. Bd2 Bd7 13. b4 Bxa4 14. Qxa4 N6d7 15. Qb3 Ne5 16. Re3 Nfg6 17. g3 h5 18. Qd1 h4 19. Nxh4 Bxh4 20. gxh4 Qe7 21. h5 Nf4 22. Rg3 Nexd3 23. Bxf4 Nxf4 24. Qg4 Qf6 25. Rf3 e5 26. Nd5 Qe6 27. Nxf4 exf4 28. Qxf4 cxb4 29. axb4 Rac8 30. h6 gxh6 31. Qh4 Kg7 32. Kh1 Re8 33. Rg1+ Kf8 34. Rfg3 f5 35. f3 Rxc4 36. Rg6 1-0

[Event "ITA-ch (Women) 82nd"]
[Site "Brescia"]
[Date "2023.12.06"]
[Round "4"]
[White "Cassi, Elisa"]
[Black "Brunello, Marina"]
[Result "0-1"]
[WhiteElo "1946"]
[BlackElo "2340"]
[PlyCount "60"]
[EventDate "2023.12.03"]
[EventType "tourn"]
[EventRounds "7"]
[EventCountry "ITA"]
[SourceTitle "CBM 217 Extra"]
[Source "ChessBase"]
[SourceDate "2024.01.31"]
[SourceVersion "1"]
[SourceVersionDate "2024.01.31"]
[SourceQuality "1"]

1. e4 c5 2. Nf3 a6 3. c4 d6 4. d4 cxd4 5. Nxd4 Nf6 6. Nc3 e6 7. Be2 Qc7 8. 0-0 b6 9. f4 Bb7 10. Bf3 Nbd7 11. Be3 Rc8 12. Rc1 Qb8 13. b4 Be7 14. Qd3 h5 15. Bf2 h4 16. Rfe1 g5 17. e5 dxe5 18. fxe5 Ng8 19. Nxe6 Bxf3 20. Ng7+ Kf8 21. gxf3 Nxe5 22. Rxe5 Qxe5 23. Bd4 Qf4 24. Ne2 Qc7 25. Nf5 Nf6 26. Qc3 Re8 27. Nxe7 Rxe7 28. Bxf6 Rxe2 29. Be7+ Kxe7 30. Kf1 Qxh2 0-1

[Event "Wch U20 Girls Blitz"]
[Site "Pula"]
[Date "2023.10.14"]
[Round "5"]
[White "Esadze, Tamari"]
[Black "Cassi, Elisa"]
[Result "1-0"]
[WhiteElo "1944"]
[BlackElo "1951"]
[PlyCount "125"]
[EventDate "2023.10.14"]
[EventType "swiss (blitz)"]
[EventRounds "11"]
[EventCountry "ITA"]
[SourceTitle "CBM 216 Extra"]
[Source "ChessBase"]
[SourceDate "2023.11.30"]
[SourceVersion "1"]
[SourceVersionDate "2023.11.30"]
[SourceQuality "1"]

1. e4 c6 2. d4 d5 3. Nc3 dxe4 4. Nxe4 Nf6 5. Nxf6+ exf6 6. Nf3 Bd6 7. Bd3 0-0 8. 0-0 Re8 9. h3 Nd7 10. Re1 Nf8 11. Be3 Ng6 12. c4 Bd7 13. Qc2 Qc7 14. Bf5 Bxf5 15. Qxf5 Rad8 16. a3 a5 17. Rad1 Ne7 18. Qc2 Qc8 19. Bd2 Bc7 20. Bc3 b5 21. cxb5 cxb5 22. Qd2 Qa8 23. Re2 Nd5 24. Rde1 a4 25. Bb4 Nf4 26. Rxe8+ Rxe8 27. Rxe8+ Qxe8 28. Qe3 Qd7 29. Qe7 Qxe7 30. Bxe7 Nd5 31. Bc5 g6 32. g3 h5 33. Kf1 Kg7 34. Ke2 g5 35. Kd3 Kg6 36. Ke4 Nb6 37. Nd2 Nd7 38. Kd5 Nb8 39. Ba7 h4 40. g4 Nd7 41. Kc6 Bb8 42. Bxb8 Nxb8+ 43. Kxb5 f5 44. f3 fxg4 45. fxg4 f5 46. d5 fxg4 47. hxg4 Kf6 48. Kc5 h3 49. Nf3 Nd7+ 50. Kd6 Nf8 51. Kc7 Ng6 52. d6 Nf8 53. d7 Nxd7 54. Kxd7 h2 55. Nxh2 Ke5 56. Kc6 Kf4 57. Kb5 Kg3 58. Nf1+ Kxg4 59. Kxa4 Kf3 60. b4 Kf2 61. Nh2 Kg2 62. Ng4 Kf3 63. Nf6 1-0

[Event "Wch U20 Girls Blitz"]
[Site "Pula"]
[Date "2023.10.14"]
[Round "1"]
[White "Sultanbek, Zeinep"]
[Black "Cassi, Elisa"]
[Result "1-0"]
[WhiteElo "1969"]
[BlackElo "1951"]
[PlyCount "49"]
[EventDate "2023.10.14"]
[EventType "swiss (blitz)"]
[EventRounds "11"]
[EventCountry "ITA"]
[SourceTitle "CBM 216 Extra"]
[Source "ChessBase"]
[SourceDate "2023.11.30"]
[SourceVersion "1"]
[SourceVersionDate "2023.11.30"]
[SourceQuality "1"]

1. Nf3 d5 2. g3 Nf6 3. Bg2 e6 4. 0-0 c5 5. c4 Nc6 6. cxd5 exd5 7. d4 cxd4 8. Nxd4 Bc5 9. Nb3 Bb6 10. Bg5 0-0 11. Nc3 d4 12. Nd5 Re8 13. Qd2 Bg4 14. Bxf6 gxf6 15. Qf4 f5 16. Rfe1 Ne7 17. Nf6+ Kg7 18. Nxe8+ Qxe8 19. Nxd4 Rd8 20. Qg5+ Ng6 21. Nxf5+ Bxf5 22. Qxf5 Rd2 23. Bxb7 Rxb2 24. Bf3 Qc8 25. Qxc8 1-0

[Event "Wch U20 Girls Rapid"]
[Site "Pula"]
[Date "2023.10.12"]
[Round "8"]
[White "Maione, Melissa"]
[Black "Cassi, Elisa"]
[Result "0-1"]
[WhiteElo "1931"]
[BlackElo "1951"]
[PlyCount "70"]
[EventDate "2023.10.10"]
[EventType "swiss (rapid)"]
[EventRounds "11"]
[EventCountry "ITA"]
[SourceTitle "CBM 216 Extra"]
[Source "ChessBase"]
[SourceDate "2023.11.30"]
[SourceVersion "1"]
[SourceVersionDate "2023.11.30"]
[SourceQuality "1"]

1. d4 d5 2. Nc3 Nf6 3. Bf4 a6 4. e3 h6 5. Bd3 e6 6. h4 c5 7. dxc5 Bxc5 8. Nf3 Nc6 9. 0-0 0-0 10. Qd2 Re8 11. Ne5 Nh5 12. g3 Nxf4 13. exf4 Nd4 14. Ne2 f6 15. Nxd4 fxe5 16. Nb3 Bd6 17. fxe5 Bxe5 18. c3 b5 19. Bc2 Bb7 20. Nc5 Bc6 21. Rae1 Qd6 22. Qe3 Bf6 23. Nxe6 Re7 24. Bf5 Rae8 25. Re2 d4 26. cxd4 Qd5 27. f3 Qxf5 28. Rfe1 Rxe6 29. Qb3 Bxd4+ 30. Kg2 Qxf3+ 31. Kh2 Qxb3 32. axb3 Rxe2+ 33. Rxe2 Rxe2+ 34. Kh3 Bd7+ 35. g4 Be5 0-1

[Event "EU-ch U18 Girls 31st"]
[Site "Mamaia"]
[Date "2023.09.05"]
[Round "1"]
[White "Fizerova, Lucie"]
[Black "Cassi, Elisa"]
[Result "1-0"]
[WhiteElo "1776"]
[BlackElo "2045"]
[PlyCount "119"]
[EventDate "2023.09.05"]
[EventType "swiss"]
[EventRounds "9"]
[EventCountry "ROU"]
[SourceTitle "CBM 216 Extra"]
[Source "ChessBase"]
[SourceDate "2023.11.30"]
[SourceVersion "1"]
[SourceVersionDate "2023.11.30"]
[SourceQuality "1"]

1. e4 c6 2. d4 d5 3. exd5 cxd5 4. Bd3 Nc6 5. c3 Nf6 6. h3 Qc7 7. Nf3 g6 8. 0-0 Bf5 9. Be2 Bg7 10. Be3 0-0 11. Qc1 Ne4 12. Bf4 Nd6 13. Nbd2 Qd8 14. Re1 f6 15. Bd1 Qd7 16. Bb3 Be6 17. Re2 Bf7 18. Qe1 Rfe8 19. Bc2 Rac8 20. Nb3 b6 21. Nbd2 Nb7 22. Nf1 Nbd8 23. a3 Ne6 24. Bh2 Bh6 25. g3 Ng7 26. Kg2 Nf5 27. Kg1 Nd6 28. g4 Ne4 29. Ng3 Ng5 30. Nxg5 Bxg5 31. Nf1 h5 32. f4 Bh6 33. Qg3 Kh8 34. g5 fxg5 35. fxg5 Bg7 36. Rae1 Rf8 37. Ba4 a6 38. Bxc6 Rxc6 39. Rxe7 Qf5 40. Qf4 Be6 41. R7xe6 Qxf4 42. Bxf4 Rxe6 43. Rxe6 Rxf4 44. Rxb6 Rxd4 45. Rxa6 Rd1 46. Rxg6 Rb1 47. Rb6 d4 48. Rb8+ Kh7 49. cxd4 Bxd4+ 50. Kg2 h4 51. Rb4 Rxb2+ 52. Rxb2 Bxb2 53. a4 Kg6 54. a5 Kxg5 55. Nd2 Kf4 56. a6 Bd4 57. Nf3 Bb6 58. Nxh4 Ke4 59. Ng6 Kd5 60. Ne7+ 1-0